| 000 | 00597nam a2200241Ia 4500 | ||
|---|---|---|---|
| 005 | 20260320201031.0 | ||
| 008 | 008 262003s9999 xx 000 0 eng d | ||
| 037 | _aEBOOK | ||
| 040 | _aCRL | ||
| 040 | _beng | ||
| 040 | _cCRL | ||
| 041 | _2eng | ||
| 041 | _aeng | ||
| 084 | _qCRL | ||
| 100 | _aSinha | ||
| 245 | 0 | _aElectronic Health Record: Standards, Coding Systems, Frameworks, and Infrastructures | |
| 260 | _bIEEE | ||
| 260 | _c2013 | ||
| 856 | _uhttps://ieeexplore.ieee.org/servlet/opac?bknumber=6410479 | ||
| 942 | _cEBOOK | ||
| 999 |
_c1718413 _d1718413 |
||